000 01477nam a2200349 i 4500
001 000038553
003 DO-SdBNP
005 20240312113803.0
007 ta
008 110804s1947 dr 000 0 spa d
040 _aDO-SdBNP
_bspa
_cBNPHU
_erda
082 4 _a780.97293
_bG216p, 1974
_222
100 1 _aGarcía, Juan Francisco,
_d1892- 1974
_958705
240 0 _aPanorama de la música dominicana
245 1 0 _aPanorama de la música dominicana /
_cJuan Francisco García.
264 _aCiudad Trujillo, República Dominicana :
_bSecretaría de Estado de Educación y Bellas Artes ;
_c1947.
300 _a46 páginas ;
_c22 cm.
336 _2rdacontent
_atexto
_btxt
337 _2rdamedia
_asin mediación
_bn
338 _2rdacarrier
_avolumen
_bnc
490 1 _aEnriquillo
533 _aFacsímil de: Panorama de la música Dominicana
_bCiudad Trujillo, República Dominicana :
_cSan Francisco, Papelera Ind. Dominicana
_d1947.
590 _aInventariado, 2019/VM
650 4 _aMúsica dominicana
_xHistoria
_964890
650 4 _aMúsica folclórica dominicna
_xHistoria
_964891
650 4 _aMúsica popular dominicana
_92541
650 4 _aIndigenas dominicanos
_xVida social y costumbres
_964892
650 4 _aMúsica aborígen
_zIsla Espñola (Haití Y Repúblicadominicana{Rpara}
_xHistoria
_964893
710 2 _aSecretaría de Estado de Educación y Bellas Artes (República Dominicana)
_964894
910 _aValidado. Control de calidad MFF
942 _2ddc
_cLBS1
999 _c38043
_d38043